000 00414 a2200145 4500
005 20250628082831.0
020 _a81-261-1176-3
082 _a336.73 NAR
100 _aNARAYAN, N.B
245 _aPublic Finance: A Dynamic Force in the Economic System
260 _aNew delhi
_bAnmol Publications PVT. Ltd
_c2002
300 _a301p.: ill.; tables
_bBibliography
_c23cm
700 _aB.N. deshikachar
942 _2ddc
_cBKS
999 _c5897
_d5897